Quantum Walks for Computer Scientists (Synthesis Lectures on Quantum Computing)
| 第一著者: | |
|---|---|
| フォーマット: | 不明 |
| 出版事項: |
Morgan and Claypool Publishers
|
| 版: | 2008 |
| LEADER | 00296 a2200097 4500 | ||
|---|---|---|---|
| 020 | |a 9781598296563 | ||
| 100 | |a Salvador Elias Venegas-Andraca | ||
| 245 | |a Quantum Walks for Computer Scientists (Synthesis Lectures on Quantum Computing) | ||
| 250 | |a 2008 | ||
| 260 | |b Morgan and Claypool Publishers | ||
| 999 | |c 41881 |d 41881 | ||